00538 2200205 4500001002100000005001800021008004100039020002200080035002400102090001400126100002100140245001900161250001100180260002800191300003000219650003800249850001500287999001500302999001500317YOGYA-0111000000106920110127083940631 ind  a978-979-16849-8-9 0010-011100000001069 a809 Sut P aSitumurang, Saut aPolitik Sastra aCet. 1 aYogyakartab[SIC]c2009 a204 hlm . ; 23 cm (2 eks) aKesusastraan - sejarah dan kritik aYOPDYOG[B] a10BKS01411 a10BKS01412